| 000 | 00360pab a2200145 454500 | ||
|---|---|---|---|
| 008 | 180718b xxu||||| |||| 00| 0 eng d | ||
| 100 | _aEngineer, Asghar Ali | ||
| 245 | _aShould there be a common civil code? | ||
| 650 | _a India | ||
| 650 | _a Civil Procedure | ||
| 650 | _a Civil Code | ||
| 650 | _aCivil Procedure - India | ||
| 773 | _aMainstream | ||
| 909 | _a656 | ||
| 999 |
_c656 _d656 |
||